[Event "Arber op 7th"]
[Site "Bodenmais"]
[Date "2018.08.05"]
[Round "9"]
[White "Glaser, Max"]
[Black "Medunova, Vera"]
[Result "1/2-1/2"]
[WhiteElo "1812"]
[BlackElo "2101"]
[PlyCount "65"]
[EventDate "2018.07.28"]
[EventType "swiss"]
[EventRounds "9"]
[EventCountry "GER"]
[SourceTitle "EXT 2019"]
[Source "ChessBase"]
[SourceDate "2018.10.10"]
[SourceVersion "1"]
[SourceVersionDate "2018.10.10"]
[SourceQuality "1"]

1. e4 c5 2. Nf3 Nc6 3. d4 cxd4 4. Nxd4 e5 5. Nb5 d6 6. Bc4 Be6 7. Bd5 Bxd5 8. Qxd5 Be7 9. Qd1 Nf6 10. N5c3 0-0 11. Bg5 Nxe4 12. Nxe4 Bxg5 13. Qxd6 Qxd6 14. Nxd6 Nd4 15. Na3 Be7 16. Ndb5 a6 17. Nxd4 Bxa3 18. bxa3 exd4 19. Kd2 Rac8 20. Rhb1 Rc7 21. Rb4 Rd8 22. Rab1 Rdd7 23. a4 Kf8 24. R1b3 Ke7 25. Rd3 h5 26. Rbxd4 Rxd4 27. Rxd4 Ke6 28. Kd3 g6 29. Rb4 Ke5 30. Re4+ Kd5 31. Rd4+ Ke5 32. Re4+ Kd5 33. Rd4+ 1/2-1/2

[Event "Arber op 7th"]
[Site "Bodenmais"]
[Date "2018.07.29"]
[Round "2"]
[White "Kottmair, Toni"]
[Black "Glaser, Max"]
[Result "1/2-1/2"]
[WhiteElo "2126"]
[BlackElo "1812"]
[PlyCount "56"]
[EventDate "2018.07.28"]
[EventType "swiss"]
[EventRounds "9"]
[EventCountry "GER"]
[SourceTitle "CBM 185 Extra"]
[Source "ChessBase"]
[SourceDate "2018.07.29"]
[SourceVersion "1"]
[SourceVersionDate "2018.07.29"]
[SourceQuality "1"]

1. d4 Nf6 2. Nf3 e6 3. Bf4 b6 4. e3 Bb7 5. Nbd2 Be7 6. h3 0-0 7. Bd3 d5 8. 0-0 Nbd7 9. Ne5 Nxe5 10. Bxe5 c5 11. c3 Rc8 12. Qe2 Bd6 13. Bxd6 Qxd6 14. f4 c4 15. Bc2 b5 16. a3 a5 17. Nf3 b4 18. axb4 axb4 19. Ne5 Ra8 20. g4 bxc3 21. bxc3 Nd7 22. Rfb1 Bc6 23. Qd1 Nxe5 24. fxe5 Qd7 25. Rxa8 Rxa8 26. Ra1 Rb8 27. Rb1 Ra8 28. Ra1 Rb8 1/2-1/2

[Event "Arber op 6th"]
[Site "Bodenmais"]
[Date "2017.07.29"]
[Round "1"]
[White "Glaser, Max"]
[Black "Krastev, Alexander"]
[Result "0-1"]
[WhiteElo "1679"]
[BlackElo "2071"]
[PlyCount "98"]
[EventDate "2017.07.29"]
[EventType "swiss"]
[EventRounds "9"]
[EventCountry "GER"]
[SourceTitle "CBM 179 Extra"]
[Source "ChessBase"]
[SourceDate "2017.08.23"]
[SourceVersion "1"]
[SourceVersionDate "2017.08.23"]
[SourceQuality "1"]

1. e4 e5 2. Nf3 Nc6 3. Bb5 f5 4. d3 fxe4 5. dxe4 Nf6 6. 0-0 d6 7. Nc3 Be7 8. Be3 Bg4 9. Be2 Qd7 10. Ne1 0-0 11. f3 Be6 12. Nd5 Nd8 13. Nxf6+ Bxf6 14. c4 Qe7 15. Qd2 h6 16. Rd1 Bg5 17. Bxg5 Qxg5 18. Qxg5 hxg5 19. Nc2 Nc6 20. a3 a5 21. b3 Rfd8 22. Kf2 Ne7 23. Ne3 c5 24. Rb1 Nc6 25. Nc2 Rdc8 26. Rfc1 Nd4 27. Nxd4 cxd4 28. Bd3 Rc7 29. Rc2 g4 30. Kg3 gxf3 31. gxf3 Rf8 32. h3 Rcf7 33. Rf2 Rf6 34. b4 a4 35. c5 Rg6+ 36. Kh2 Rh6 37. Bf1 dxc5 38. bxc5 Bb3 39. Bb5 Rc8 40. Rc1 Rf6 41. Kg3 Kf8 42. f4 Ke7 43. Bc4 Rxc5 44. Bxb3 Rxc1 45. Bxa4 Rc3+ 46. Kg4 Rxa3 47. Bb5 Rxf4+ 48. Rxf4 exf4 49. Kxf4 Rxh3 0-1

[Event "Regensburg Donau Cup"]
[Site "Regensburg"]
[Date "2017.05.28"]
[Round "7"]
[White "Glaser, Max"]
[Black "Krupke, Sven"]
[Result "1-0"]
[WhiteElo "1590"]
[BlackElo "1903"]
[PlyCount "142"]
[EventDate "2017.05.24"]
[EventType "swiss"]
[EventRounds "7"]
[EventCountry "GER"]
[SourceTitle "CBM 178 Extra"]
[Source "ChessBase"]
[SourceDate "2017.06.22"]
[SourceVersion "1"]
[SourceVersionDate "2017.06.22"]
[SourceQuality "1"]

1. e4 c5 2. Nf3 d6 3. d4 cxd4 4. Nxd4 g6 5. Be3 Bg7 6. Nc3 Nf6 7. Be2 0-0 8. 0-0 Nc6 9. h3 a6 10. Qd2 Bd7 11. Rad1 Rc8 12. Nb3 b5 13. a3 Re8 14. f3 Nh5 15. Bf2 Be5 16. Nd5 Be6 17. c3 Bxd5 18. Qxd5 Nf4 19. Qd2 Qd7 20. Be3 Nxe2+ 21. Qxe2 Qe6 22. Nd4 Nxd4 23. Bxd4 Bxd4+ 24. Rxd4 Qa2 25. Rd2 Rc7 26. Rfd1 Qc4 27. Qd3 f6 28. Qd5+ Qxd5 29. Rxd5 Kf7 30. Kf2 Rec8 31. Ke3 g5 32. h4 h6 33. h5 Rb8 34. g4 Rc6 35. R1d3 Rbc8 36. Rd2 Ke6 37. Ke2 Rc5 38. Ke3 Rxd5 39. Rxd5 Rc4 40. Rd4 Ke5 41. Rd5+ Ke6 42. Kd3 Kd7 43. Ke3 Rc5 44. Rd4 Ke6 45. Rd2 Ke5 46. Rd4 e6 47. Ke2 Rc4 48. Rd2 Rc6 49. Rd4 f5 50. gxf5 exf5 51. Rd5+ Kf4 52. Rxf5+ Kg3 53. Rf6 Kh4 54. Rxh6 g4 55. fxg4 Kxg4 56. Rh8 Kf4 57. Kd3 Kg5 58. h6 Kg6 59. Kd4 Kf6 60. Kd5 Rc4 61. Rd8 Rc5+ 62. Kxd6 Rh5 63. Rf8+ Kg6 64. Ke6 Rh2 65. Rf6+ Kh7 66. Kd7 Rxb2 67. Rxa6 Rb3 68. e5 Rxc3 69. e6 Rd3+ 70. Rd6 Rxa3 71. e7 Ra8 1-0

[Event "Regensburg Donau Cup"]
[Site "Regensburg"]
[Date "2017.05.26"]
[Round "4"]
[White "Blanter, Sofya"]
[Black "Glaser, Max"]
[Result "1/2-1/2"]
[WhiteElo "1746"]
[BlackElo "1590"]
[PlyCount "134"]
[EventDate "2017.05.24"]
[EventType "swiss"]
[EventRounds "7"]
[EventCountry "GER"]
[SourceTitle "CBM 178 Extra"]
[Source "ChessBase"]
[SourceDate "2017.06.22"]
[SourceVersion "1"]
[SourceVersionDate "2017.06.22"]
[SourceQuality "1"]

1. d4 Nf6 2. c4 e6 3. Nf3 b6 4. Nc3 Bb4 5. Bd2 Bb7 6. e3 0-0 7. Bd3 d5 8. 0-0 Nbd7 9. Rc1 Bxc3 10. Bxc3 Ne4 11. b4 c5 12. bxc5 bxc5 13. Ba1 Qa5 14. Qc2 Rac8 15. cxd5 exd5 16. Qb2 Qb6 17. Bb5 Ndf6 18. dxc5 Nxc5 19. Rfd1 a6 20. Bf1 Qxb2 21. Bxb2 Nce4 22. Ne5 Rfe8 23. Bd4 h6 24. Rb1 Rc7 25. Rb6 a5 26. g3 Re6 27. Rb2 Nd6 28. Rdb1 Nd7 29. Nxd7 Rxd7 30. Bh3 f5 31. Bxf5 Nxf5 32. Rxb7 Rxb7 33. Rxb7 Nxd4 34. exd4 Re1+ 35. Kg2 Re2 36. Rb5 Rxa2 37. Rxd5 a4 38. Ra5 a3 39. h4 Ra1 40. Kf3 a2 41. Ke2 Kf7 42. d5 Ke7 43. Ra6 Kd7 44. d6 Rb1 45. Rxa2 Kxd6 46. Kf3 Rb7 47. Re2 Rb5 48. Kg4 h5+ 49. Kf4 g6 50. Re8 Rf5+ 51. Ke3 Kd7 52. Re4 Rb5 53. f3 Ra5 54. g4 hxg4 55. Rxg4 Rh5 56. Kf4 Ke7 57. Kg3 Kf6 58. Rf4+ Kg7 59. Kg4 Rb5 60. Re4 Ra5 61. f4 Kh6 62. Re5 Ra1 63. Kg3 Ra3+ 64. Kg4 Ra1 65. Re3 Ra5 66. Rg3 Rb5 67. Kh3 Rb1 1/2-1/2

[Event "Oberpfalz-ch M3"]
[Site "Windischeschenbach"]
[Date "2017.04.09"]
[Round "4"]
[White "Glaser, Max"]
[Black "Kaltschmidt, Andreas"]
[Result "1-0"]
[WhiteElo "1642"]
[BlackElo "1621"]
[PlyCount "69"]
[EventDate "2017.04.08"]
[EventType "swiss"]
[EventRounds "8"]
[EventCountry "GER"]
[SourceTitle "EXT 2020"]
[Source "ChessBase"]
[SourceDate "2019.10.17"]
[SourceVersion "1"]
[SourceVersionDate "2019.10.17"]
[SourceQuality "1"]

1. e4 e5 2. Nf3 Nf6 3. d4 Nxe4 4. Bd3 d5 5. Nxe5 Be7 6. 0-0 0-0 7. c4 c6 8. Nc3 Nxc3 9. bxc3 Nd7 10. Nf3 Nf6 11. h3 Be6 12. Ng5 Bd7 13. Qc2 h6 14. Nf3 Re8 15. Bf4 Be6 16. Ne5 Bd6 17. c5 Bxe5 18. Bxe5 b6 19. cxb6 axb6 20. Rfb1 Nd7 21. Bg3 c5 22. f4 f6 23. Bh7+ Kh8 24. Bg6 Re7 25. f5 Bg8 26. Bh5 cxd4 27. cxd4 Rc8 28. Qd3 Rc4 29. Bf3 Nf8 30. Rb5 Ra7 31. Rab1 Rxa2 32. Rxb6 Ra7 33. Rb8 Qe7 34. Re1 Qf7 35. Ree8 1-0

[Event "Oberpfalz-ch M3"]
[Site "Windischeschenbach"]
[Date "2017.04.08"]
[Round "1"]
[White "Baumueller, Steffen"]
[Black "Glaser, Max"]
[Result "1-0"]
[WhiteElo "1209"]
[BlackElo "1642"]
[PlyCount "79"]
[EventDate "2017.04.08"]
[EventType "swiss"]
[EventRounds "8"]
[EventCountry "GER"]
[SourceTitle "EXT 2020"]
[Source "ChessBase"]
[SourceDate "2019.10.17"]
[SourceVersion "1"]
[SourceVersionDate "2019.10.17"]
[SourceQuality "1"]

1. e4 e5 2. Nf3 Nf6 3. Nc3 Nc6 4. Bb5 Bb4 5. 0-0 Bxc3 6. bxc3 0-0 7. a3 Re8 8. Re1 a6 9. Bf1 d5 10. exd5 Qxd5 11. h3 e4 12. Nh2 Bf5 13. d4 Rad8 14. g4 Bg6 15. Bg2 Qc4 16. Bb2 Na7 17. Qe2 Qe6 18. f4 exf3 19. Qxe6 Rxe6 20. Rxe6 fxe6 21. Nxf3 h6 22. Re1 Re8 23. Re2 c6 24. c4 Nc8 25. Ne5 Bh7 26. a4 Nd6 27. Ba3 Nf7 28. c3 Nxe5 29. Rxe5 Bd3 30. Bf1 Bc2 31. a5 Ne4 32. Bb4 Nd2 33. Be2 Bb3 34. c5 Rf8 35. Re3 Kf7 36. c4 Rd8 37. Bxd2 Bxc4 38. Bxc4 Rxd4 39. Bxe6+ Kg6 40. Bf5+ 1-0

[Event "Nittenau-ch op 15th"]
[Site "Nittenau"]
[Date "2015.09.19"]
[Round "3"]
[White "Glaser, Max"]
[Black "Hilburger, Johannes"]
[Result "1/2-1/2"]
[WhiteElo "1618"]
[BlackElo "1747"]
[PlyCount "43"]
[EventDate "2015.09.18"]
[EventType "swiss"]
[EventRounds "5"]
[EventCountry "GER"]
[SourceTitle "EXT 2017"]
[Source "ChessBase"]
[SourceDate "2016.10.25"]
[SourceVersion "1"]
[SourceVersionDate "2016.10.25"]
[SourceQuality "1"]

1. e4 c6 2. Nf3 d5 3. exd5 cxd5 4. d4 Nf6 5. c4 Bf5 6. Nc3 Nc6 7. Qa4 e6 8. c5 Qd7 9. Bf4 Be7 10. Be2 0-0 11. 0-0 a6 12. Rad1 Ne4 13. h3 Bf6 14. Rfe1 Rfe8 15. Nxe4 Bxe4 16. Ng5 Bg6 17. Bg4 Rad8 18. h4 h6 19. Nf3 h5 20. Bh3 Be4 21. Ng5 Bg6 22. Nf3 1/2-1/2